000 01030nam a22003017a 4500
001 BR8805201
003 BR-BrBNA
005 20230928093014.0
007 ta
008 230509b bl.||||| |||| 00| 0 por d
040 _aBR-BrBNA
_bpor
_cBiblioteca Nacional de Agricultura
041 _a(Por)
072 _aK10; F40; U40
_b/G514
090 _ K10 BR8805201
100 1 _aMedeiros, J.S. de
110 1 _aInstituto de Pesquisas Espaciais, Sao Jose dos Campos, SP (Brasil)
_0Tese (Mestrado)
245 1 _aDesenvolvimento metodologico para a deteccao de alteracoes da cobertura vegetal atraves da analise digital de dados MSS LANDSAT
_bINPE-4123-TDL/262
260 3 _aSao Jose dos Campos, SP (Brasil):
_c1987.
300 _a127 p.
500 _a13 illus.; 19 tables; Bibliography p. 75-81 (70 ref.); Summaries (Eng, Por)
650 _aREFLORESTAMENTO
650 _aDESMATAMENTO
650 _aSENSORIAMENTO REMOTO
650 _aVEGETACAO
650 _aBIOMASSA
909 _a202309
_bLucia
_c55
_dLucia Elande
942 _cBK
999 _c42479
_d42479